| 000 | 01331nam a2200217Ia 4500 | ||
|---|---|---|---|
| 003 | Ost | ||
| 005 | 20260507075619.0 | ||
| 008 | 260507s9999||||xx |||||||||||||| ||und|| | ||
| 020 | _a9789947780664 | ||
| 040 | _cfsecg | ||
| 041 | _aara | ||
| 082 | _a658.151 | ||
| 100 |
_aرقايقية، فاطمة الزهراء _eمؤلف |
||
| 245 | 0 |
_aالتدقيق المحاسبي دروس وتطبيقات / _c فاطمة الزهراء رقايقية |
|
| 260 |
_aالجزائر: _bالنشر الجامعي الجديد, _c2020 |
||
| 300 |
_a121 صفحة؛ _bإيضاحات ؛ _c24 سم |
||
| 504 | _aالمراجع ص.119 | ||
| 520 | _aتناول هذا الكتاب موضوع التدقيق المحاسبي حيث تحدث من خلال فصول دراسته الإطار المفاهيمي والتاريخي للرقابة والتدقيق، ونظام الرقابة الداخلية والتدقيق الداخلي، والأخطاء وتصحيحها، بالاضافة الى التدقيق في دورة الإستثمارات وفي دورة المخزون وفي دورة المشتريات والمبيعات وفي دورة الأجور وفي الدورة النقدية ، وفي الأخير تحدث عن تقرير محافظ الحسابات. | ||
| 653 | _aالرقابة المالية | ||
| 942 | _cكتاب | ||
| 999 |
_c45132 _d45132 |
||